000
00265nam a22000977a 4500
999
_c
11243
_d
11243
008
181113b ||||| |||| 00| 0 eng d
020
_a
9788178558103
100
_a
Goel,D.K.
_9
6992
245
_a
New ISC Accountancy-XI
260
_a
New Delhi
_b
Arya Publications
_c
New Delhi